Normal view
MARC view
- ADAPTIVE ANTENNAS ANTENNA ARRAYS RADIO INTERFERENCE WIRELESS COMMUNICATION SYSTEMS
Entry Topical Term
001 - CONTROL NUMBER
- control field: 58123
003 - CONTROL NUMBER IDENTIFIER
- control field: NUST
005 - DATE AND TIME OF LATEST TRANSACTION
- control field: 20210628202048.0
008 - FIXED-LENGTH DATA ELEMENTS
- fixed length control field: 210628|| aca||aabn | a|a d
040 ## - CATALOGING SOURCE
- Original cataloging agency: NUST
- Transcribing agency: NUST
150 ## - HEADING--TOPICAL TERM
- Topical term or geographic name entry element: ADAPTIVE ANTENNAS ANTENNA ARRAYS RADIO INTERFERENCE WIRELESS COMMUNICATION SYSTEMS
670 ## - SOURCE DATA FOUND
- Source citation: Work cat.: (NUST): Halim, M.A 58122, Adaptive array measurements in communications, 2001
